000 00732nam a2200205 i 4500
001 171423
003 ES-MaACL
005 20250907063129.0
008 090514s1973 sp |||| | spa d
017 _aM 2246-1973
020 _a84-220-0412-7
100 1 _aPlazaola, Juan,
_d1919-2005
_9140059
245 1 0 _aIntroducción a la Estética
_b: historia, teoría, textos /
_cpor Juan Plazaola.
260 _aMadrid :
_bLa Editorial Católica,
_c1973.
300 _aXIII, 642 p., [8] p. de lám. ;
_c20 cm.
490 1 _aBiblioteca de autores cristianos ;
_v342.
_aDios, hombre y mundo
830 0 0 _aBiblioteca de autores cristianos
_v342.
_9178679
852 _aES-MaACL
_jJ-335
_9R.46092
999 _c171423
_d171423